Vocabulaire Anglais - Niveau A2 - Statistiques

Statistiques générales
  • Ce quiz a été pris 650 fois
  • Le résultat moyen est 17 sur 30
Statistiques - réponses
Hint Réponse % Correct
Forêt Forest
87%
Anniversaire Birthday
84%
Canapé Sofa
84%
Bois Wood
82%
Police Police
81%
Drapeau Flag
79%
Passé Past
78%
Tortue Turtle
77%
Homosexuel Homosexual
74%
Bagues Rings
74%
Croire Believe
73%
Arc-en-ciel Rainbow
71%
Lampe Lamp
62%
Rouge à lèvres Lipstick
56%
Ridicule Ridiculous
55%
Catholique Catholic
54%
Machine Machine
54%
Écharpe Scarf
54%
Ordinateur portable Laptop
51%
Minorités Minorities
45%
Immeuble Building
42%
Néanmoins However
42%
Graffiti Graffiti
40%
Cheminée Chimney
31%
Véritable Genuine
28%
Buissons Bushes
26%
Casier Locker
25%
Roux Ginger
22%
Paupière Eyelid
15%
Modifier Edit
13%
Aucun quiz correspondant
Distribution des résultats
% des personnes avec chaque résultat
Percentile par nombre de réponses
Votre historique - résultats
Vous n’avez pas pris ce quiz